<?xml version="1.0" encoding="UTF-8"?><?xml-stylesheet type="text/xsl" href="static/style.xsl"?><OAI-PMH xmlns="http://www.openarchives.org/OAI/2.0/" xmlns:xsi="http://www.w3.org/2001/XMLSchema-instance" xsi:schemaLocation="http://www.openarchives.org/OAI/2.0/ http://www.openarchives.org/OAI/2.0/OAI-PMH.xsd"><responseDate>2026-04-14T08:19:19Z</responseDate><request verb="GetRecord" identifier="oai:www.recercat.cat:10256/20353" metadataPrefix="marc">https://recercat.cat/oai/request</request><GetRecord><record><header><identifier>oai:recercat.cat:10256/20353</identifier><datestamp>2024-06-18T12:32:36Z</datestamp><setSpec>com_2072_452955</setSpec><setSpec>com_2072_2054</setSpec><setSpec>col_2072_453072</setSpec></header><metadata><record xmlns="http://www.loc.gov/MARC21/slim" xmlns:dcterms="http://purl.org/dc/terms/" xmlns:xsi="http://www.w3.org/2001/XMLSchema-instance" xmlns:doc="http://www.lyncode.com/xoai" xsi:schemaLocation="http://www.loc.gov/MARC21/slim http://www.loc.gov/standards/marcxml/schema/MARC21slim.xsd">
   <leader>00925njm 22002777a 4500</leader>
   <datafield ind2=" " ind1=" " tag="042">
      <subfield code="a">dc</subfield>
   </datafield>
   <datafield ind2=" " ind1=" " tag="720">
      <subfield code="a">Perpiñà Martí, Georgina</subfield>
      <subfield code="e">author</subfield>
   </datafield>
   <datafield ind2=" " ind1=" " tag="720">
      <subfield code="a">Sidera Caballero, Francesc</subfield>
      <subfield code="e">author</subfield>
   </datafield>
   <datafield ind2=" " ind1=" " tag="720">
      <subfield code="a">Serrat Sellabona, Elisabet</subfield>
      <subfield code="e">author</subfield>
   </datafield>
   <datafield ind2=" " ind1=" " tag="260">
      <subfield code="c">2022-01-01</subfield>
   </datafield>
   <datafield ind2=" " ind1=" " tag="520">
      <subfield code="a">Emotional intelligence (EI) and social skills (SS) have always been considered important for children's psychological and behavioural adjustment. However, during the last century they are receiving increasing attention for its influence in the academic setting too. The objective of this study is to analyse in depth the relationship of school performance with EI and SS. Especially we examine which specific dimensions of EI and SS are more related to academic achievement in mathematics and language. One hundred eighty students between 8 and 11 years old participated in the study. We administered the BarOn EI Inventory, the Social Skills Improvement System - Rating Scales (SSIS) and a test of mathematics and linguistic competences. The results showed that there is a relationship between EI and SS and academic achievement. The Interpersonal and Adaptability components of EI, together with the Communication and Cooperation factors of SS have showed to have the strongest impact on academic achievement. These findings point out the need to consider students' socioemotional competences in order to help them achieve all their academic and personal potential</subfield>
   </datafield>
   <datafield ind1="8" ind2=" " tag="024">
      <subfield code="a">http://hdl.handle.net/10256/20353</subfield>
   </datafield>
   <datafield tag="653" ind2=" " ind1=" ">
      <subfield code="a">Intel·ligència emocional</subfield>
   </datafield>
   <datafield tag="653" ind2=" " ind1=" ">
      <subfield code="a">Habilitats socials</subfield>
   </datafield>
   <datafield tag="653" ind2=" " ind1=" ">
      <subfield code="a">Emotional intelligence</subfield>
   </datafield>
   <datafield tag="653" ind2=" " ind1=" ">
      <subfield code="a">Social skills</subfield>
   </datafield>
   <datafield ind2="0" ind1="0" tag="245">
      <subfield code="a">Rendimiento académico en educación primaria: relaciones con la Inteligencia Emocional y las Habilidades Sociales = Academic achievement in middle childhood: relationships with Emotional Intelligence and Social Skills</subfield>
   </datafield>
</record></metadata></record></GetRecord></OAI-PMH>